| 000 | 00380nam a22001697a 4500 | ||
|---|---|---|---|
| 005 | 20260509130526.0 | ||
| 008 | 160531b xxu||||| |||| 00| 0 eng d | ||
| 020 | _a0-7494-4233-6 | ||
| 041 | _aeng | ||
| 082 | _a659.1 | ||
| 100 |
_aRoman Kenneth and other _91567 |
||
| 245 | _aHow to Advertise | ||
| 260 |
_bKogan _c2004 |
||
| 300 | _a194 | ||
| 650 | _aManagement | ||
| 942 | _cBK | ||
| 999 |
_c2211 _d2210 |
||